00374pab a2200133 454500008004000000100002200040245008400062260000900146300001300155362000800168650001800176650001500194773003100209180718b1998 xxu||||| |||| 00| 0 eng d aManring, Nancy J. aCollaborative resource management: organizational benefits and individual costs c1998 ap.274-90 aJun aOrganizations aManagement aAdministration and Society